| 000 | 00498nam a2200181Ia 4500 | ||
|---|---|---|---|
| 005 | 20250423094814.0 | ||
| 008 | 250422s9999 xx 000 0 und d | ||
| 020 | _a9780821342374 | ||
| 050 | _aHE 336.E3 .H44/ | ||
| 100 | _aHeggie, Ian G. | ||
| 245 | 0 | _aCommercial management and financing of roads | |
| 260 | _aWashington, D.C. | ||
| 260 | _bThe World Bank | ||
| 260 | _c1998 | ||
| 300 | _a158 p | ||
| 650 | _aRoads--Finance. Roads--Maintenance and repair--Economic aspects. | ||
| 942 | _cBK | ||
| 999 |
_c28344 _d28344 |
||